00570 2200217 4500001002100000005001500021035002000036007000300056008004100059020001800100082000800118084001400126100001400140245004100154250001400195260003800209300004000247600001500287990002500302990002500327INLIS00000000000410320260528102036 a0010-0921000188ta260528 0  a979-007-591-7 a342 a342 IND u0 aIndonesia1 aUndang - Undang Pilkada /cIndonesia a--Cet. 1. a--Jakarta :bSinar Grafika,c2014 aviii, 622 hlm. :billus. ;c20,5 cm 4aIlmu Hukum a21315/Br/KAPD-Pdg/15 a21317/Br/KAPD-Pdg/15